Conflict and change in the countryside : rural society, economy and planning in the developed world

Αποθηκεύτηκε σε:
Λεπτομέρειες βιβλιογραφικής εγγραφής
Κύριος συγγραφέας: Robinson, G. M. (Guy M.)
Μορφή: Βιβλίο
Γλώσσα:English
Δημοσίευση: Chichester : John Wiley and sons, c1994
Θέματα:
Ετικέτες: Προσθήκη ετικέτας
Δεν υπάρχουν, Καταχωρήστε ετικέτα πρώτοι!

MARC

LEADER 00000nam a2200000 i 4500
001 1/96681
008 000323s1994 eng d
020 |a 0-471-94765-2 
035 |l 10055853 
040 |a GR-MY-UA  |b gre  |e aacr 
041 0 |a eng 
082 0 |a 307.72 
100 1 |a Robinson, G. M.  |q (Guy M.) 
245 1 0 |a Conflict and change in the countryside :  |b rural society, economy and planning in the developed world /  |c Guy M. Robinson 
260 |a Chichester :   |b John Wiley and sons,   |c c1994 
300 |a 482 p. 
504 |a Includes bibliographical references 
650 0 0 |a Rural conditions. 
650 0 0 |a Rural development. 
852 |a INST  |b LESVOS  |e 20000323  |h 307.72 ROB  |p 005100026311  |q 005100026311  |t BK  |y 0 
901 |a BIBL1-2000-2 
909 |a Λ  |b 077172 
922 |a 1ΕΛΗ  |b 200005  |c ΚΠΣ/ΤΓ  |d LEADER 
950 |a 118-1999-09-03 
970 |a ΤΖΑΦΕΡΗ  |b ΕΥΑΓΓΕΛΙΑ  |z 2000/05/21